000 00749cam a22001935a 4500
001 L155956
008 120423s1865 xxk f 000 0 eng d
035 _a(Sirsi) u155956
041 0 _aeng
100 1 _aPratt, William Tidd
_d1823-1867
245 0 4 _aThe law relating to benefit building societies
_b(6 & 7 Will. IV. c32) with practical observations on the act and all the cases decided thereon: together with a form of rules for a permanent benefit building society and forms of mortgages to the trustees
250 _a2nd ed.
260 _aLondon
_bLongman
_c1865
300 _axii, 110 p.
_c8o
583 _aCondition reviewed
_c20120620
_lcondition level 3
651 4 _aGreat Britain
_y1707-
690 _aFinance and taxation
942 _n0
999 _c113943
_d113943